| 000 | 00635nam a2200193 a 4500 | ||
|---|---|---|---|
| 003 | BD-DhJNU | ||
| 005 | 20241208033143.0 | ||
| 008 | 140106s2014 vau b 000 0 eng | ||
| 020 | _a9781416618850 | ||
| 040 |
_aBD-DhJNU _bENG _cBD-DhJNU _dBD-DhJNU |
||
| 082 | 0 | 0 |
_a371.102 _223 |
| 100 | 1 | _aBluestein, Jane | |
| 245 | 1 | 0 |
_aManaging 21st century classrooms : _bhow do I avoid ineffective classroom management practices? / _cJane Bluestein |
| 264 | 1 |
_aAlexandria, Va. : _bASCD, _c[2014] |
|
| 300 |
_a52 pages ; _c20 cm |
||
| 504 | _aIncludes bibliographical references (pages 50-51). | ||
| 650 | 0 | _aClassroom management. | |
| 942 |
_cBK _2ddc |
||
| 999 |
_c972 _d972 |
||